Normal view
MARC view
- الفنادق-ادارة-السياحة - ادارة
Entry Topical Term
001 - CONTROL NUMBER
- control field: 51054
003 - CONTROL NUMBER IDENTIFIER
- control field: JO-AjAnu
005 - DATE AND TIME OF LATEST TRANSACTION
- control field: 20230606082412.0
008 - FIXED-LENGTH DATA ELEMENTS
- fixed length control field: 230606|| aca||aabn | a|a d
040 ## - CATALOGING SOURCE
- Original cataloging agency: JO-AjAnu
- Transcribing agency: JO-AjAnu
150 ## - HEADING--TOPICAL TERM
- Topical term or geographic name entry element: الفنادق-ادارة-السياحة - ادارة
670 ## - SOURCE DATA FOUND
- Source citation: Work cat.: (JO-AjAnu)26095: عبوي، زيد منير, author 51053, إدارة المنشآت السياحية والفندقية